| 000 | 00378nam a2200145Ia 4500 | ||
|---|---|---|---|
| 008 | 230917s9999||||xx |||||||||||||| ||und|| | ||
| 040 |
_e102606 _aMAIN |
||
| 041 | _aEnglish | ||
| 082 | _a658.409 D256C | ||
| 100 | _aDavies, Gary | ||
| 245 | 0 | _aCorporate reputation and competitiveness | |
| 250 | _a1st ed. | ||
| 260 |
_aNew Delhi _bRoutledge & Kegan Paul _c2003 |
||
| 942 | _cBK | ||
| 999 |
_c117603 _d117603 |
||